Mentoring sociálních pracovníků : jak na to? : příručka pro mentory /

Hlavní autor: Šimková, Lenka, 1963-
Další autoři: Ditrychová, Lucie, Skřičková, Zuzana, Šrámková, Petra
Jazyk: Čeština
Vydáno: Praha : Profesní komora sociálních pracovníků, z.s., 2020
Vydání: Vydání první
Témata:
Fyzický popis: 80 stran : ilustrace ; 21 cm
Knihy
Uloženo v:
LEADER 01796nam a2200493 i 4500
001 nkc20203176280
003 CZ PrNK
005 20200721154137.0
007 ta
008 200213s2020 xr a f f 000 0 cze
015 |a cnb003176280 
020 |a 978-80-270-7456-3  |q (brožováno) 
035 |a (OCoLC)1200255699 
040 |a BOA001  |b cze  |e rda 
072 7 |a 005  |x Management. Řízení  |2 Konspekt  |9 4 
080 |a 364-78  |2 MRF 
080 |a 005.963.2  |2 MRF 
080 |a 316.77  |2 MRF 
080 |a (072)  |2 MRF 
100 1 |a Šimková, Lenka,  |d 1963-  |7 mzk20201078384  |4 aut 
245 1 0 |a Mentoring sociálních pracovníků :  |b jak na to? : příručka pro mentory /  |c Lenka Šimková, Lucie Ditrychová, Zuzana Skřičková, Petra Šrámková 
250 |a Vydání první 
264 1 |a Praha :  |b Profesní komora sociálních pracovníků, z.s.,  |c 2020 
300 |a 80 stran :  |b ilustrace ;  |c 21 cm 
336 |a text  |b txt  |2 rdacontent 
337 |a bez média  |b n  |2 rdamedia 
338 |a svazek  |b nc  |2 rdacarrier 
504 |a Obsahuje bibliografii 
650 0 7 |a sociální práce  |7 ph125805  |2 czenas 
650 0 7 |a mentorství  |7 ph726750  |2 czenas 
650 0 7 |a komunikace (sdělování)  |7 ph114956  |2 czenas 
650 0 9 |a social work  |2 eczenas 
650 0 9 |a mentoring  |2 eczenas 
650 0 9 |a human communication  |2 eczenas 
655 7 |a metodické příručky  |7 fd132826  |2 czenas 
655 9 |a methodological manuals  |2 eczenas 
700 1 |a Ditrychová, Lucie  |7 mzk20201078393  |4 aut 
700 1 |a Skřičková, Zuzana  |7 mzk2007401414  |4 aut 
700 1 |a Šrámková, Petra  |7 mzk20201078400  |4 aut 
910 2 |a BOA001  |b 2-1450.086 
990 |a BK 
995 |a 01 
991 |b 202007  |c NOV 
996 6 |b 2610827974  |c 2-1450.086  |l MZK  |r Sklad / do 1 hodiny  |n 1  |p p.v.  |w 001810719  |u 000010  |a 1  |e BOA001  |j MZK50  |s P